[Event "ch-FRA Blitz Online Qual"]
[Site "Europe-Chess INT"]
[Date "2020.05.16"]
[Round "8"]
[White "Ciccoli, Theo"]
[Black "Razafindratsima, Timothe"]
[Result "1/2-1/2"]
[BlackTitle "FM"]
[WhiteElo "2178"]
[BlackElo "2336"]
[WhiteFideId "26053780"]
[BlackFideId "36069884"]
[EventDate "2020.05.16"]

1. d4 Nf6 2. Nf3 g6 3. Nc3 Bg7 4. e4 d5 5. e5 Ne4 6. Nxe4 dxe4 7. Ng5 c5 8. Nxe4
cxd4 9. Bf4 Bf5 10. Ng3 Nc6 11. Nxf5 gxf5 12. Bd3 Nxe5 13. Bxf5 Ng6 14. Bxg6
hxg6 15. O-O O-O 16. Re1 Re8 17. Be5 Qd5 18. Bxg7 Kxg7 19. Qd3 e5 20. f3 f5 21.
Rad1 Rad8 22. c3 Qc5 23. Kh1 dxc3 24. Qxc3 Qxc3 25. bxc3 Kf6 26. Rb1 b6 27. Rb2
Rd3 28. c4 Rc8 29. Rc2 Rd4 30. Rec1 Rc5 31. Kg1 f4 32. Kf2 Kf5 33. g4+ Kf6 34.
h4 e4 35. fxe4 Rxe4 36. Kf3 Ke5 37. h5 Re3+ 38. Kf2 gxh5 39. gxh5 Ke4 40. Rh1
Rf3+ 41. Ke2 Re3+ 42. Kf2 Kd3 43. Rcc1 Ra5 44. h6 Rxa2+ 45. Kf1 Rf3+ 46. Ke1
Re2+ 47. Kd1 Rfe3 48. Ra1 Rd2+ 49. Kc1 Rc2+ 50. Kb1 Rc3 51. h7 Rb3+ 52. Ka2 Kxc4
53. Rac1+ Kb4 54. h8=Q Re2+ 55. Ka1 Ra3+ 56. Kb1 Rb3+ 57. Ka1 Ra3+ 58. Kb1 Rb3+
59. Ka1 1/2-1/2

[Event "ch-FRA Blitz Online Qual"]
[Site "Europe-Chess INT"]
[Date "2020.05.16"]
[Round "8"]
[White "Eden, James"]
[Black "Nineuil, Vincent"]
[Result "1-0"]
[WhiteTitle "IM"]
[WhiteElo "2330"]
[BlackElo "1920"]
[WhiteFideId "666491"]
[BlackFideId "688380"]
[EventDate "2020.05.16"]

1. e4 c5 2. Nf3 d6 3. d4 cxd4 4. Nxd4 Nf6 5. Nc3 a6 6. a3 e5 7. Nf5 Bxf5 8. exf5
d5 9. Bg5 d4 10. Ne4 Be7 11. Bxf6 Bxf6 12. Bd3 Nc6 13. O-O O-O 14. Qf3 Rc8 15.
g4 Bg5 16. f6 Bxf6 17. Qf5 Bh4 18. Nf6+ 1-0

[Event "ch-FRA Blitz Online Qual"]
[Site "Europe-Chess INT"]
[Date "2020.05.16"]
[Round "8"]
[White "Devallee, Jeremie"]
[Black "Roux, Baptiste"]
[Result "1-0"]
[WhiteTitle "FM"]
[WhiteElo "2230"]
[BlackElo "2145"]
[WhiteFideId "665240"]
[BlackFideId "36017450"]
[EventDate "2020.05.16"]

1. e4 c5 2. d4 cxd4 3. c3 dxc3 4. Nxc3 e6 5. Nf3 Nc6 6. Bc4 a6 7. O-O b5 8. Bb3
Nge7 9. Bg5 f6 10. Be3 Na5 11. a4 b4 12. Na2 Nec6 13. Nd4 Nxd4 14. Bxd4 Nxb3 15.
Qxb3 Be7 16. a5 Bb7 17. Bb6 Qb8 18. Rfe1 O-O 19. Nxb4 Bxb4 20. Qxb4 d5 21. exd5
Bxd5 22. Qg4 Qd6 23. Rad1 Rac8 24. h4 Qc6 25. h5 Qb5 26. h6 g6 27. Rxe6 Rc4 28.
Qe2 Rf4 29. Qxb5 axb5 30. Rxd5 Rc8 31. Rd8+ Rxd8 32. Bxd8 Rb4 33. Bxf6 Ra4 34.
Bc3 b4 35. b3 Rxa5 36. Bxb4 Rb5 37. Re4 Rh5 38. Bd2 Rb5 39. b4 g5 40. Rg4 Kh8
41. Rxg5 Rc5 42. Rg8+ Kxg8 43. bxc5 Kf7 44. Be3 Ke6 45. Kf1 Kd5 46. Ke2 1-0

[Event "ch-FRA Blitz Online Qual"]
[Site "Europe-Chess INT"]
[Date "2020.05.16"]
[Round "8"]
[White "Pigeat, Alexandre"]
[Black "Bernard, Mathis"]
[Result "1-0"]
[WhiteTitle "FM"]
[WhiteElo "2293"]
[BlackElo "1880"]
[WhiteFideId "20649444"]
[BlackFideId "36075205"]
[EventDate "2020.05.16"]

1. d4 Nf6 2. c4 g6 3. f3 d5 4. cxd5 Nxd5 5. e4 Nb6 6. Nc3 Bg7 7. Be3 e5 8. d5
Bh6 9. Bxh6 Qh4+ 10. g3 Qxh6 11. Qc1 Qg7 12. Nb5 Na6 13. a4 O-O 14. a5 Nd7 15.
Nxc7 Nxc7 16. Qxc7 f5 17. exf5 gxf5 18. Bc4 Kh8 19. Ne2 e4 20. O-O Qxb2 21. fxe4
Qe5 22. Qxe5+ Nxe5 23. Bb3 Bd7 24. exf5 Bb5 25. Rf2 Ng4 26. Nd4 Nxf2 27. Kxf2
Bd7 28. g4 h5 29. h3 hxg4 30. hxg4 Rae8 31. Ne6 Rf6 32. Kg3 Bxe6 33. dxe6 Kg7
34. Kf4 Rh6 35. Rd1 Rh2 36. Rd7+ Kf8 37. f6 Rf2+ 38. Kg5 Rb2 39. e7+ 1-0

[Event "ch-FRA Blitz Online Qual"]
[Site "Europe-Chess INT"]
[Date "2020.05.16"]
[Round "8"]
[White "Alloui-Cros, Baptiste"]
[Black "Dijoux, Julien"]
[Result "1/2-1/2"]
[WhiteElo "2139"]
[BlackElo "1862"]
[WhiteFideId "20699824"]
[BlackFideId "666483"]
[EventDate "2020.05.16"]

1. d4 d5 2. Bf4 Nf6 3. Nc3 a6 4. e3 Bf5 5. f3 e6 6. g4 Bg6 7. h4 h6 8. Bd3 Bxd3
9. Qxd3 Bd6 10. Nge2 Nc6 11. O-O-O Bxf4 12. Nxf4 Qd7 13. g5 hxg5 14. hxg5 Rxh1
15. Rxh1 Ng8 16. Rh8 O-O-O 17. Qh7 Nge7 18. Qxg7 Nf5 19. Rxd8+ Nxd8 20. Qe5 Nc6
21. Qh8+ Qd8 22. Qxd8+ Nxd8 23. Kd2 Kd7 24. Nce2 Nc6 25. c3 Na5 26. b3 Nd6 27.
Kd3 b6 28. e4 dxe4+ 29. fxe4 Nab7 30. Ng3 c5 31. e5 Nc8 32. Ne4 cxd4 33. cxd4
Ne7 34. Nf6+ Kc6 35. Ke4 a5 36. Ne8 b5 37. Ng7 Kd7 38. d5 exd5+ 39. Nxd5 a4 40.
bxa4 bxa4 41. Nb6+ Kc6 42. Nxa4 Kb5 43. Nc3+ Kc4 44. Ne2 Nc5+ 45. Kf4 Nd3+ 46.
Ke4 Nc5+ 47. Kf4 Nd3+ 48. Ke4 Nc5+ 1/2-1/2

[Event "ch-FRA Blitz Online Qual"]
[Site "Europe-Chess INT"]
[Date "2020.05.16"]
[Round "8"]
[White "Casas, Alexandre"]
[Black "Chabradze, Boris"]
[Result "1-0"]
[WhiteElo "1933"]
[BlackElo "2101"]
[WhiteFideId "45173451"]
[BlackFideId "13603019"]
[EventDate "2020.05.16"]

1. d4 Nf6 2. c4 d6 3. Nc3 Bf5 4. f3 e5 5. e4 exd4 6. Qxd4 Be6 7. Be3 Nc6 8. Qd2
Be7 9. Nge2 Ne5 10. b3 Nh5 11. Nd4 O-O 12. Be2 c5 13. Nf5 Bxf5 14. exf5 Nf6 15.
O-O h6 16. Rad1 Qd7 17. Qc2 a6 18. Bxc5 Qc6 19. Bd4 Rfe8 20. Rfe1 Rad8 21. Bd3
Bf8 22. Ne4 Nxe4 23. Bxe4 d5 24. cxd5 Qxc2 25. Bxc2 f6 26. f4 Nf7 27. Re6 Nd6
28. a4 Kf7 29. Rde1 b5 30. a5 b4 31. Bd3 Rxe6 32. fxe6+ Ke7 33. Bxa6 Ra8 34. Bc4
Rxa5 35. Ra1 Rxa1+ 36. Bxa1 Nxc4 37. bxc4 Kd6 38. Bd4 b3 39. Kf1 g5 40. fxg5
fxg5 41. Ke2 Be7 42. Kd3 Bd8 43. Kc3 g4 44. Kxb3 h5 45. Kb4 h4 46. Kc3 Ba5+ 47.
Kd3 h3 48. gxh3 gxh3 49. Ke4 Be1 50. c5+ Ke7 51. Be5 Bf2 52. c6 Bc5 53. Kf5 1-0

[Event "ch-FRA Blitz Online Qual"]
[Site "Europe-Chess INT"]
[Date "2020.05.16"]
[Round "8"]
[White "Weisman, Nathan"]
[Black "Cahen, Alexis"]
[Result "0-1"]
[WhiteElo "2186"]
[BlackElo "2122"]
[WhiteFideId "36060895"]
[BlackFideId "26076918"]
[EventDate "2020.05.16"]

1. e4 c5 2. Nf3 d6 3. Bb5+ Nd7 4. d4 cxd4 5. Qxd4 a6 6. Bxd7+ Bxd7 7. Bg5 Rc8 8.
Nc3 Qc7 9. O-O e6 10. e5 d5 11. Rfe1 Be7 12. Bxe7 Nxe7 13. Qg4 Nf5 14. Rad1 Qc4
15. Qxc4 Rxc4 16. h3 h5 17. Nd2 Rc7 18. Nb3 b5 19. Nd4 Nxd4 20. Rxd4 Ke7 21. Re2
Rhc8 22. Red2 a5 23. a3 Rc4 24. f4 b4 25. Rxc4 Rxc4 26. axb4 axb4 27. Ne2 Re4
28. Kf2 Bb5 29. g3 h4 30. Nd4 hxg3+ 31. Kxg3 Bd7 32. Kf3 f6 33. exf6+ gxf6 34.
c3 bxc3 35. bxc3 e5 36. fxe5 fxe5 37. Nc2 Rf4+ 38. Kg3 Kd6 39. Ne3 Be6 40. c4 d4
41. Nc2 Re4 42. Nb4 Re3+ 43. Kf2 Rxh3 44. Nd3 Bxc4 45. Ne1 Rh2+ 46. Kf3 Rxd2 0-1

[Event "ch-FRA Blitz Online Qual"]
[Site "Europe-Chess INT"]
[Date "2020.05.16"]
[Round "8"]
[White "Spitz, Christophe"]
[Black "Jacquot, David"]
[Result "1-0"]
[WhiteElo "2137"]
[BlackElo "1830"]
[WhiteFideId "608378"]
[BlackFideId "20624093"]
[EventDate "2020.05.16"]

1. e4 c5 2. Nf3 Nc6 3. d4 cxd4 4. Nxd4 e5 5. Nb5 a6 6. Nd6+ Bxd6 7. Qxd6 Qe7 8.
Qxe7+ Ngxe7 9. c4 Nd4 10. Na3 O-O 11. Be3 Nec6 12. O-O-O d6 13. Nc2 f5 14. exf5
Nxf5 15. Bb6 Nfd4 16. Nxd4 exd4 17. f3 Rf4 18. Be2 Be6 19. g3 Rf5 20. Bxd4 Nxd4
21. Rxd4 Rc8 22. b3 b5 23. Rxd6 Bf7 24. Rd4 Re5 25. Bd3 bxc4 26. bxc4 Rec5 27.
Kd2 Bxc4 28. Rc1 Bxd3 29. Rxc5 Rxc5 30. Kxd3 Ra5 31. a4 h6 32. Kc3 Kf7 33. Kb4
Rf5 34. f4 a5+ 35. Kc4 g5 36. Rd5 Rf6 37. fxg5 hxg5 38. Rxa5 Rf2 39. Rxg5 Rxh2
40. a5 Ra2 41. Kb5 1-0

[Event "ch-FRA Blitz Online Qual"]
[Site "Europe-Chess INT"]
[Date "2020.05.16"]
[Round "8"]
[White "Janzelj, Lara"]
[Black "Ratsavong, Moukda"]
[Result "1-0"]
[WhiteTitle "WIM"]
[WhiteElo "2210"]
[BlackElo "1789"]
[WhiteFideId "14608391"]
[BlackFideId "632872"]
[EventDate "2020.05.16"]

1. d4 d5 2. c4 e6 3. Nf3 c6 4. g3 dxc4 5. Bg2 b5 6. Ne5 Bb7 7. a4 Qc8 8. O-O a6
9. b3 cxb3 10. Qxb3 Nf6 11. Nc3 Nbd7 12. Bg5 Nxe5 13. dxe5 Nd5 14. Rfc1 Qb8 15.
Nxd5 exd5 16. Bf4 Qd8 17. Qb2 Qd7 18. h4 Qe6 19. Kh2 Bc8 20. axb5 cxb5 21. Qd4
Bb7 22. Rc7 1-0

[Event "ch-FRA Blitz Online Qual"]
[Site "Europe-Chess INT"]
[Date "2020.05.16"]
[Round "8"]
[White "Villeneuve, Samuel"]
[Black "Kovacs, Klara"]
[Result "0-1"]
[BlackTitle "WIM"]
[WhiteElo "1807"]
[BlackElo "2154"]
[WhiteFideId "20642105"]
[BlackFideId "733210"]
[EventDate "2020.05.16"]

1. d4 Nf6 2. Nc3 e6 3. Bf4 d5 4. e3 Be7 5. Bd3 O-O 6. Nf3 c5 7. Ne5 Nc6 8. dxc5
Bxc5 9. Nxc6 bxc6 10. Bg5 h6 11. Bh4 e5 12. e4 Be6 13. Qf3 Be7 14. h3 d4 15. Ne2
c5 16. b3 Qa5+ 17. Kf1 c4 18. Bxc4 Bxc4 19. bxc4 Rfc8 20. Qd3 Qc5 21. c3 dxc3
22. Bxf6 Bxf6 23. Qxc3 Qxc4 24. Rc1 Qxe4 25. Qxc8+ Rxc8 26. Rxc8+ Kh7 27. f3 Qd5
28. Kf2 Qxa2 29. Rhc1 Bh4+ 30. g3 Bxg3+ 31. Kxg3 Qxe2 32. R1c7 f5 33. Rxa7 f4+
34. Kg4 Qg2+ 35. Kf5 Qxh3+ 36. Kxe5 Qxc8 0-1

[Event "ch-FRA Blitz Online Qual"]
[Site "Europe-Chess INT"]
[Date "2020.05.16"]
[Round "8"]
[White "Trabet, Mathis"]
[Black "Garde, Guillaume"]
[Result "1-0"]
[WhiteElo "2118"]
[BlackElo "1716"]
[WhiteFideId "36041289"]
[BlackFideId "45138273"]
[EventDate "2020.05.16"]

1. e4 e6 2. d4 d5 3. Nd2 Nc6 4. Ngf3 Nf6 5. e5 Nd7 6. c3 f6 7. exf6 Nxf6 8. Bd3
Bd6 9. O-O O-O 10. Re1 Re8 11. Nf1 e5 12. dxe5 Nxe5 13. Nxe5 Rxe5 14. Bg5 Rxg5
15. Bc2 Bh3 16. Ne3 Bc5 17. Qf3 Bxe3 18. Qxh3 Bb6 19. Re6 g6 20. Rae1 Ng4 21.
Re7 Bxf2+ 22. Kf1 Rh5 23. Qxg4 Qf8 24. Qe6+ Kh8 25. Rf7 Qg8 26. Qf6+ 1-0

[Event "ch-FRA Blitz Online Qual"]
[Site "Europe-Chess INT"]
[Date "2020.05.16"]
[Round "8"]
[White "Cadieu, Corentin"]
[Black "Fournier, Loic"]
[Result "0-1"]
[WhiteElo "1524"]
[BlackElo "2116"]
[WhiteFideId "26023180"]
[BlackFideId "36013463"]
[EventDate "2020.05.16"]

1. d4 Nf6 2. Bf4 d5 3. Nf3 e6 4. e3 Bd6 5. Bg3 O-O 6. Bd3 c5 7. c3 Nc6 8. Nbd2
b6 9. Qc2 Bb7 10. O-O Rc8 11. Qa4 a6 12. dxc5 bxc5 13. e4 Bxg3 14. hxg3 Rb8 15.
e5 Nd7 16. Qc2 h6 17. c4 Ncxe5 18. Nxe5 Nxe5 19. cxd5 Nxd3 20. Qxd3 Qxd5 21.
Qxd5 Bxd5 22. b3 Rfd8 23. Nf3 Bxf3 24. gxf3 Rd2 25. Rfc1 Rb5 26. Rc3 Ra5 27. a4
Rb2 28. Ra3 Kf8 29. Rd3 Ke7 30. Rc3 f6 31. Ra1 c4 32. bxc4 Rb4 33. c5 Rbxa4 34.
Rac1 Ra1 35. c6 Rxc1+ 36. Rxc1 Kd8 37. c7+ Kc8 38. Rc6 e5 39. Kg2 Ra2 40. f4
exf4 41. gxf4 a5 42. Kg3 a4 43. f3 a3 44. Kg4 Rg2+ 45. Kh3 a2 46. Ra6 Rf2 47.
Kg3 Rc2 48. Ra7 Rxc7 49. Rxa2 Kd7 50. Re2 Rc5 51. Kg4 h5+ 52. Kh4 Rf5 53. Re3 g6
54. Kg3 Kd6 55. Re4 Rd5 56. Re8 g5 57. fxg5 fxg5 58. Re4 Rf5 59. Re8 Kd7 60. Rh8
h4+ 61. Kg4 Ra5 62. Rf8 Ke7 63. Rc8 Kf6 64. Rc6+ Kf7 65. Rc4 Kf6 66. Rc6+ Ke7
67. Rc4 Ke6 68. Rc6+ Kd5 69. Rg6 Kd4 70. Rf6 Ke3 71. Re6+ Kf2 72. Rh6 Kg2 73. f4
Ra4 74. Kxg5 h3 75. f5 h2 76. Kf6 Ra3 77. Ke7 Rh3 78. Rg6+ Kf3 79. f6 h1=Q 80.
f7 Qe1+ 81. Kf8 Qe5 82. Rg8 Qd6+ 83. Kg7 Rg3+ 84. Kh8 Qf6+ 0-1

[Event "ch-FRA Blitz Online Qual"]
[Site "Europe-Chess INT"]
[Date "2020.05.16"]
[Round "8"]
[White "Dumas, Charles"]
[Black "De Monts, Louis"]
[Result "1-0"]
[WhiteElo "2284"]
[BlackElo "1630"]
[WhiteFideId "675733"]
[BlackFideId "36088781"]
[EventDate "2020.05.16"]

1. e4 c5 2. Nf3 g6 3. d4 cxd4 4. Qxd4 Nf6 5. Nc3 Nc6 6. Qa4 Bg7 7. e5 Ng8 8. Bf4
Nh6 9. Bc4 O-O 10. O-O a6 11. Qb3 Na5 12. Qb4 Nxc4 13. Qxc4 b5 14. Qe4 Ra7 15.
Rad1 Bb7 16. Qe3 Bxf3 17. gxf3 Nf5 18. Qxa7 e6 19. Rxd7 Qh4 20. Bg3 Qh3 21. Ne4
Nh4 22. Bxh4 Qxh4 23. Qd4 Kh8 24. Rd1 h5 25. Rd8 Qf4 26. Rxf8+ Bxf8 27. Qd8 Kg8
28. Nf6+ Kg7 29. Nd7 Kg8 30. Qxf8+ 1-0

[Event "ch-FRA Blitz Online Qual"]
[Site "Europe-Chess INT"]
[Date "2020.05.16"]
[Round "8"]
[White "Dourerassou, Jonathan"]
[Black "Lesueur, Gabriel"]
[Result "1-0"]
[WhiteTitle "GM"]
[WhiteElo "2477"]
[BlackElo "1906"]
[WhiteFideId "628050"]
[BlackFideId "45186359"]
[EventDate "2020.05.16"]

1. e4 e6 2. Nc3 d5 3. d4 Bb4 4. Ne2 Nf6 5. e5 Nfd7 6. a3 Be7 7. Be3 c5 8. f4 Nc6
9. g3 O-O 10. Bg2 b6 11. O-O Ba6 12. Rf2 Rc8 13. f5 Bg5 14. Bxg5 Qxg5 15. dxc5
Ndxe5 16. fxe6 fxe6 17. Nf4 Ng4 18. Rd2 bxc5 19. Qe1 Rce8 20. Nxe6 Qh6 21. Bxd5
Kh8 22. Nxf8 Rxf8 23. Bxc6 Qxc6 24. Qe4 Qc8 25. Re1 Bb7 26. Qe6 Qxe6 27. Rxe6 h6
28. Re7 Bf3 29. Rdd7 1-0

[Event "ch-FRA Blitz Online Qual"]
[Site "Europe-Chess INT"]
[Date "2020.05.16"]
[Round "8"]
[White "Kurmann, Oliver"]
[Black "Goulesque, Camille"]
[Result "1-0"]
[WhiteTitle "IM"]
[WhiteElo "2430"]
[BlackElo "1899"]
[WhiteFideId "1308173"]
[BlackFideId "26086140"]
[EventDate "2020.05.16"]

1. e4 g6 2. d4 Bg7 3. Nc3 d6 4. Be3 Nf6 5. Qd2 Ng4 6. Bg5 h6 7. Bh4 c6 8. h3 Nf6
9. f4 b5 10. e5 b4 11. exf6 bxc3 12. Qe3 cxb2 13. Rb1 Bf8 14. Rxb2 Be6 15. Bd3
Nd7 16. Bxg6 Qa5+ 17. Kf2 Qd5 18. Be4 Qh5 19. Nf3 d5 20. g4 Bxg4 21. hxg4 Qxg4
22. fxe7 dxe4 23. exf8=Q+ Kxf8 24. Qxe4 Re8 25. Ne5 Nb6 26. Qf3 Qxf3+ 27. Kxf3
Rh7 28. Rg1 f6 29. Bxf6 Nd5 30. Bh4 Rc7 31. c4 Nc3 32. Rbg2 Re6 33. Rg8# 1-0

[Event "ch-FRA Blitz Online Qual"]
[Site "Europe-Chess INT"]
[Date "2020.05.16"]
[Round "8"]
[White "Breuil, Tristan"]
[Black "Viennot, Dylan"]
[Result "1-0"]
[BlackTitle "FM"]
[WhiteElo "1898"]
[BlackElo "2331"]
[WhiteFideId "45163685"]
[BlackFideId "676098"]
[EventDate "2020.05.16"]

1. e4 e5 2. Bc4 Nf6 3. d4 exd4 4. Nf3 d6 5. O-O Be7 6. Nxd4 O-O 7. Nc3 Nc6 8.
Be3 Re8 9. Re1 Bf8 10. Bg5 h6 11. Bxf6 Qxf6 12. Ndb5 Qd8 13. Nd5 Ne5 14. Nbxc7
Nxc4 15. Nxa8 Qh4 16. Qd4 Ne5 17. Nac7 Rd8 18. Re3 g6 19. f4 Bg7 20. fxe5 Bxe5
21. Qd3 Qxh2+ 22. Kf2 f5 23. exf5 Bxf5 24. Ne7+ Kh8 25. Nxf5 Rf8 26. Rf3 gxf5
27. Rxf5 Bg3+ 28. Ke2 Qxg2+ 29. Ke3 Bf2+ 30. Kd2 Bd4+ 31. Ke1 Qg1+ 32. Rf1 Rxf1+
33. Qxf1 Qg3+ 34. Kd1 Qg4+ 35. Kd2 Qg5+ 36. Kd3 Be5 37. Qf8+ Kh7 38. Qf7+ Bg7
39. Ne6 Qg3+ 40. Ke2 Qg2+ 41. Qf2 Qe4+ 42. Qe3 Qxc2+ 43. Kf3 Qf5+ 44. Nf4 d5 45.
Rg1 Kh8 46. Qe8+ Kh7 47. Qg6+ Qxg6 48. Rxg6 1-0

[Event "ch-FRA Blitz Online Qual"]
[Site "Europe-Chess INT"]
[Date "2020.05.16"]
[Round "8"]
[White "Delin, Valere"]
[Black "Calistri, Tristan"]
[Result "0-1"]
[BlackTitle "IM"]
[WhiteElo "2043"]
[BlackElo "2288"]
[WhiteFideId "45107254"]
[BlackFideId "607843"]
[EventDate "2020.05.16"]

1. e4 c5 2. Nf3 b6 3. d4 cxd4 4. Nxd4 Bb7 5. Nc3 a6 6. Be3 e6 7. Bd3 Qc7 8. O-O
Nf6 9. Kh1 Bb4 10. Bd2 Nc6 11. Nde2 Ng4 12. f4 Bc5 13. Qe1 b5 14. Qg3 h5 15. h3
O-O-O 16. a3 Nd4 17. Nxd4 Bxd4 18. Rfb1 f5 19. Ne2 Bf2 20. Qf3 g5 21. fxg5 Qh2# 0-1

[Event "ch-FRA Blitz Online Qual"]
[Site "Europe-Chess INT"]
[Date "2020.05.16"]
[Round "8"]
[White "Guadalpi, David"]
[Black "Bernard, Louis"]
[Result "1-0"]
[WhiteTitle "FM"]
[WhiteElo "2272"]
[BlackElo "1993"]
[WhiteFideId "603244"]
[BlackFideId "36075191"]
[EventDate "2020.05.16"]

1. e4 e5 2. Nf3 Nc6 3. Bb5 a6 4. Ba4 d6 5. Nc3 Bd7 6. Nd5 g5 7. h3 h6 8. c3 Nf6
9. Nxf6+ Qxf6 10. d4 exd4 11. cxd4 Bg7 12. Be3 O-O 13. Qd2 Rfe8 14. Bc2 Qe7 15.
O-O Rf8 16. Rfe1 Rae8 17. Rac1 a5 18. a3 Qf6 19. e5 Qe7 20. Qd3 f5 21. exf6 Qxf6
22. Bb3+ Kh8 23. d5 Ne5 24. Nxe5 Qxe5 25. Rxc7 Bf5 26. Qb5 Be4 27. Bd2 Qf6 28.
Be3 Qe5 29. Rd1 Qxb2 30. Rxg7 Qxg7 31. Bd4 Re5 32. Bxe5 Qxe5 33. Qxb7 Qf5 34.
Qb6 Kh7 35. Qe3 Kg6 36. f3 Bxd5 37. Rxd5 1-0

[Event "ch-FRA Blitz Online Qual"]
[Site "Europe-Chess INT"]
[Date "2020.05.16"]
[Round "8"]
[White "Materia, Marco"]
[Black "Fretel, Liza"]
[Result "1-0"]
[WhiteTitle "FM"]
[WhiteElo "2269"]
[BlackElo "1934"]
[WhiteFideId "45150451"]
[BlackFideId "26045460"]
[EventDate "2020.05.16"]

1. d4 Nf6 2. c4 e6 3. Nf3 Bb4+ 4. Nbd2 O-O 5. a3 Be7 6. e4 c5 7. d5 d6 8. Bd3 e5
9. O-O Nbd7 10. b4 b6 11. b5 Kh8 12. a4 Ng8 13. a5 g6 14. Nb3 f5 15. axb6 Nxb6
16. Nfd2 f4 17. Na5 Bd7 18. Nc6 Qe8 19. Nb3 a6 20. Nxe7 Nxe7 21. bxa6 Qc8 22. a7
Qc7 23. Bd2 Rxa7 24. Ba5 Rb7 25. Qe2 Qd8 26. Rfb1 Nec8 27. Nd2 Qf6 28. Ra2 Ra7
29. Nf1 Na4 30. Be1 f3 31. gxf3 Qxf3 32. Qxf3 Rxf3 33. Ne3 Ra8 34. Bc2 Nab6 35.
Rxa8 Nxa8 36. Rb7 Bh3 37. Ba5 Rf8 38. Rb8 Kg7 39. Rxa8 Kf7 40. Ba4 Ke7 41. Bc6
g5 42. Bb7 Kd7 43. Nf5 Bxf5 44. exf5 Re8 45. f6 Rf8 46. Bxc8+ Rxc8 47. Rxc8 Kxc8
48. f7 Kd7 1-0

[Event "ch-FRA Blitz Online Qual"]
[Site "Europe-Chess INT"]
[Date "2020.05.16"]
[Round "8"]
[White "Evrin, Selvam"]
[Black "De Seroux, Camille"]
[Result "0-1"]
[BlackTitle "WIM"]
[WhiteElo "1882"]
[BlackElo "2137"]
[WhiteFideId "36094404"]
[BlackFideId "1305620"]
[EventDate "2020.05.16"]

1. e4 c5 2. Nf3 d6 3. d4 cxd4 4. Nxd4 Nf6 5. Nc3 Nc6 6. Bg5 e6 7. Qd2 Qb6 8. Nb3
Be7 9. O-O-O O-O 10. f4 Rd8 11. Bxf6 Bxf6 12. g4 a5 13. a4 Nb4 14. g5 Bxc3 15.
Qxc3 Na2+ 0-1

[Event "ch-FRA Blitz Online Qual"]
[Site "Europe-Chess INT"]
[Date "2020.05.16"]
[Round "8"]
[White "Auder, Benjamin"]
[Black "Koelsch, Gilbert"]
[Result "0-1"]
[BlackTitle "CM"]
[WhiteElo "1934"]
[BlackElo "2159"]
[WhiteFideId "635065"]
[BlackFideId "612243"]
[EventDate "2020.05.16"]

1. c4 e5 2. Nc3 Nf6 3. g3 d5 4. cxd5 Nxd5 5. Bg2 Nb6 6. Nf3 Nc6 7. O-O Be7 8. a3
a5 9. d3 O-O 10. Be3 Be6 11. Ne4 Nd5 12. Bc5 f5 13. Bxe7 Qxe7 14. Nc3 Nf6 15.
Rc1 Kh8 16. Qa4 Rad8 17. Rfd1 Bd7 18. Qb3 Nd4 19. Qxb7 Bc6 20. Qa6 Bxf3 21. Bxf3
Rb8 22. Qxa5 Nb3 23. Qa4 Nxc1 24. Rxc1 Rxb2 25. Nb5 e4 26. dxe4 fxe4 27. Rxc7
Rb1+ 28. Kg2 exf3+ 29. exf3 Qe1 30. g4 Qh1+ 31. Kg3 Rg1+ 32. Kf4 Nd5+ 0-1

[Event "ch-FRA Blitz Online Qual"]
[Site "Europe-Chess INT"]
[Date "2020.05.16"]
[Round "8"]
[White "Defromont, Benjamin"]
[Black "Bakouri, Abdelmajid"]
[Result "1-0"]
[WhiteTitle "FM"]
[WhiteElo "2236"]
[BlackElo "1871"]
[WhiteFideId "36068829"]
[BlackFideId "7901682"]
[EventDate "2020.05.16"]

1. g4 d5 2. Bg2 c6 3. c4 d4 4. g5 e5 5. d3 Bd6 6. h4 Ne7 7. Nf3 Be6 8. Nbd2 Nd7
9. a3 Qa5 10. Rb1 c5 11. Kf1 Nf5 12. h5 Qc7 13. b4 Rb8 14. Ne4 Be7 15. Qa4 Kf8
16. Bd2 b6 17. Kg1 f6 18. h6 g6 19. gxf6 Nxf6 20. bxc5 bxc5 21. Rxb8+ Qxb8 22.
Nxf6 Bxf6 23. Qc6 Qb6 24. Ng5 Qxc6 25. Bxc6 Bxg5 26. Bxg5 Kf7 27. Kg2 Rb8 28.
Bb5 Nd6 29. a4 e4 30. Bf4 Ke7 31. Bxd6+ Kxd6 32. dxe4 Ke5 33. f3 a6 34. Bxa6 Rb2
35. Re1 d3 36. Kf2 d2 37. Rd1 Kd4 38. a5 Kc3 39. Ke3 Bxc4 40. Bxc4 Kxc4 41. Rxd2
Rxd2 42. Kxd2 Kb5 43. f4 Kxa5 44. f5 Kb6 45. fxg6 1-0

[Event "ch-FRA Blitz Online Qual"]
[Site "Europe-Chess INT"]
[Date "2020.05.16"]
[Round "8"]
[White "Testud, Philippe"]
[Black "Afraoui, Solenn"]
[Result "1-0"]
[WhiteElo "2123"]
[BlackElo "1889"]
[WhiteFideId "611409"]
[BlackFideId "625167"]
[EventDate "2020.05.16"]

1. d4 f5 2. Nf3 Nf6 3. Bf4 g6 4. e3 Bg7 5. c4 d6 6. Nc3 O-O 7. c5 Ne4 8. Bc4+
Kh8 9. Nxe4 fxe4 10. Ng5 d5 11. Be2 h6 12. Nh3 Nc6 13. Bg3 Bxh3 14. gxh3 e5 15.
dxe5 Nxe5 16. h4 c6 17. Qd2 a5 18. h5 g5 19. h4 a4 20. hxg5 Qxg5 21. Bf4 Qe7 22.
Rg1 Nf7 23. Rxg7 Kxg7 24. Qd4+ Kh7 25. Bg4 Ng5 26. O-O-O a3 27. b4 Qg7 28. Be5
Qe7 29. Bd6 Qf6 30. Be5 Qf7 31. f4 Nf3 32. Bxf3 exf3 33. Rg1 Rg8 34. Qd3+ 1-0

[Event "ch-FRA Blitz Online Qual"]
[Site "Europe-Chess INT"]
[Date "2020.05.16"]
[Round "8"]
[White "Naillou, Thomas"]
[Black "Soubirou, Oriane"]
[Result "0-1"]
[WhiteElo "2072"]
[BlackElo "2144"]
[WhiteFideId "36009741"]
[BlackFideId "686034"]
[EventDate "2020.05.16"]

1. e4 g6 2. d4 Nf6 3. Nc3 d5 4. e5 Ne4 5. Bd3 Nxc3 6. bxc3 c5 7. Nf3 Nc6 8. O-O
Qa5 9. Bd2 c4 10. Be2 Bg7 11. Re1 O-O 12. Bf1 Bf5 13. a4 f6 14. exf6 exf6 15. g3
Rae8 16. Bg2 Qc7 17. Bf4 Qd7 18. Qd2 b6 19. Bh6 Bxh6 20. Qxh6 Bxc2 21. h4 Ne7
22. h5 Nf5 23. Qf4 Qd6 24. hxg6 Qxf4 25. gxh7+ Kxh7 26. gxf4 Be4 27. Nd2 Bxg2
28. Kxg2 Rg8+ 29. Kf1 Kg7 30. Nf3 Kf7 31. Rxe8 Rxe8 32. a5 b5 33. Rb1 Rb8 34.
Nd2 Ne7 35. Rb2 Nc6 36. Nb1 Nxa5 37. Ra2 Nc6 38. Ra6 Rb6 39. Rxb6 axb6 40. Na3
b4 41. cxb4 Nxb4 42. Nb5 Ke6 43. Ke2 Kf5 44. Kf3 Nc2 45. Nc7 Nxd4+ 46. Ke3 c3
47. Nxd5 c2 48. Kd2 Ke4 49. Nxb6 Kxf4 50. Nd7 f5 51. Nc5 Kf3 52. Nd3 f4 53. Kc3
Ke4 54. Kd2 Kf3 55. Kc3 c1=Q+ 56. Nxc1 Ne2+ 57. Nxe2 Kxe2 58. Kc2 Kxf2 59. Kd2
Kg2 60. Ke1 f3 0-1